[Event "YUG-Cup 36th"]
[White "Ignjatovic, Grehrog"]
[Black "Pavlovic, Dragan"]
[Site "Becici"]
[Round "6"]
[Result "0-1"]
[Date "1993.05.23"]
[WhiteElo "2240"]
[BlackElo "2370"]
[PlyCount "84"]
[EventDate "1993.??.??"]
[EventType "team-tourn"]
[EventRounds "6"]
[EventCountry "YUG"]
[SourceTitle "EXT 2000"]
[Source "ChessBase"]
[SourceDate "1999.11.16"]
[SourceVersion "1"]
[SourceVersionDate "1999.11.16"]
[SourceQuality "1"]
[WhiteTeam "Progres/Pirot"]
[BlackTeam "Borovo RSK"]
[WhiteTeamCountry "YUG"]
[BlackTeamCountry "YUG"]

1. e4 c5 2. Nf3 Nc6 3. d4 cxd4 4. Nxd4 Nf6 5. Nc3 e5 6. Ndb5 d6 7. Bg5 a6 8. Na3 Be6 9. Bxf6 Qxf6 10. Nc4 Rc8 11. Nb6 Rb8 12. Nbd5 Qd8 13. a4 Be7 14. Bd3 Bg5 15. 0-0 0-0 16. Ra3 g6 17. b4 a5 18. b5 Nb4 19. Qb1 Bxd5 20. Nxd5 Nxd5 21. exd5 Qb6 22. Rc3 f5 23. Qb3 e4 24. Be2 Rbe8 25. Qc4 Rf7 26. Qb3 Kg7 27. Rc4 Bf6 28. Qe3 Qxe3 29. fxe3 Bg5 30. Kf2 Bd8 31. Rc3 Bb6 32. g3 Ree7 33. Rd1 Kf6 34. Bf1 Ke5 35. Kg2 g5 36. Be2 Rc7 37. Rxc7 Rxc7 38. c4 Bxe3 39. h4 f4 40. hxg5 f3+ 41. Bxf3 exf3+ 42. Kxf3 Bxg5 0-1

[Event "YUG-Cup 36th"]
[White "Jesenski, Tibor"]
[Black "Ignjatovic, Grehrog"]
[Site "Becici"]
[Round "4"]
[Result "1-0"]
[Date "1993.05.20"]
[WhiteElo "2230"]
[BlackElo "2240"]
[PlyCount "74"]
[EventDate "1993.??.??"]
[EventType "team-tourn"]
[EventRounds "6"]
[EventCountry "YUG"]
[SourceTitle "EXT 2000"]
[Source "ChessBase"]
[SourceDate "1999.11.16"]
[SourceVersion "1"]
[SourceVersionDate "1999.11.16"]
[SourceQuality "1"]
[WhiteTeam "Subotica Spartak"]
[BlackTeam "Progres/Pirot"]
[WhiteTeamCountry "YUG"]
[BlackTeamCountry "YUG"]

1. c4 Nf6 2. g3 g6 3. d4 Bg7 4. Bg2 0-0 5. Nf3 d6 6. 0-0 c5 7. d5 e5 8. dxe6 fxe6 9. Nc3 Nc6 10. Bg5 h6 11. Bxf6 Bxf6 12. Qd2 Bg7 13. Nb5 d5 14. cxd5 exd5 15. Nh4 Ne7 16. Qc2 a6 17. Nc3 Rf6 18. Rad1 Rd6 19. e4 g5 20. Nf3 d4 21. e5 Rc6 22. Ne4 Bf5 23. Rfe1 Kh8 24. Qe2 Qc7 25. Nf6 Bg6 26. h4 Rxf6 27. exf6 Bxf6 28. hxg5 hxg5 29. Ne5 Kg7 30. Nxg6 Nxg6 31. Be4 Ne5 32. f4 Nf7 33. Qh5 Kf8 34. Bd5 gxf4 35. Rf1 Kg7 36. Qg4+ Kh7 37. Rxf4 Qe7 1-0